Sobre el problema obrero : (Record no. 180814)
[ view plain ]
| 000 -LEADER | |
|---|---|
| campo de control de longitud fija | 00798nab a2200205 i 4500 |
| 001 - NÚMERO DE CONTROL | |
| campo de control | 180814 |
| 003 - IDENTIFICADOR DE NÚMERO DE CONTROL | |
| campo de control | ES-MaACL |
| 005 - FECHA Y HORA DE LA ÚLTIMA TRANSACCIÓN | |
| campo de control | 20250904063108.0 |
| 008 - DATOS DE LONGITUD FIJA--INFORMACIÓN GENERAL | |
| campo de control de longitud fija | 120717s1913 sp 000 s spa d |
| 100 1# - ENTRADA PRINCIPAL--NOMBRE DE PERSONA | |
| Nombre de persona | Torromé, Rafael, |
| Fechas asociadas al nombre | 1861-1924 |
| 9 (RLIN) | 111060 |
| 245 10 - MENCIÓN DEL TÍTULO | |
| Título | Sobre el problema obrero : |
| Resto del título | la cultura como elemento de evolución y revolución social / |
| Mención de responsabilidad, etc. | por Rafael Torromé. |
| 300 ## - DESCRIPCIÓN FÍSICA | |
| Extensión | P. 41-54 ; |
| Dimensiones | 23 cm. |
| 594 ## - Nota al título y mención de responsabilidad | |
| Nota al título y mención de responsabilidad | Precede al tít.: Conferencias del Ateneo de Madrid. |
| 610 24 - PUNTO DE ACCESO ADICIONAL DE MATERIA--NOMBRE DE ENTIDAD CORPORATIVA | |
| Nombre de entidad corporativa o nombre de jurisdicción como elemento de entrada | Ateneo de Madrid- |
| Subdivisión de forma | Conferencias- |
| Subdivisión cronológica | 1900-1939 |
| 9 (RLIN) | 1907 |
| 650 #7 - PUNTO DE ACCESO ADICIONAL DE MATERIA--TÉRMINO DE MATERIA | |
| Término de materia o nombre geográfico como elemento de entrada | Clase trabajadora |
| Fuente del encabezamiento o término | embne |
| 9 (RLIN) | 151811 |
| 650 #7 - PUNTO DE ACCESO ADICIONAL DE MATERIA--TÉRMINO DE MATERIA | |
| Término de materia o nombre geográfico como elemento de entrada | Educación popular |
| Fuente del encabezamiento o término | embne |
| 9 (RLIN) | 12118 |
| 773 0# - ASIENTO DE ITEM FUENTE | |
| Título | La Palabra : revista taquigráfica, |
| Lugar, editor y fecha de publicación | Madrid. -- |
| Parte(s) relacionada(s) | N. 12 (15 de junio de 1913), p. 41-54 |
| 942 ## - ELEMENTOS DE ENTRADA SECUNDARIOS (KOHA) | |
| Tipo de ítem Koha | Capítulo de libro |
No items available.
